... quitando la rama y la roca en el camino del hermano...
Uloženo v:
| Hlavní autor: | |
|---|---|
| Další autoři: | , |
| Médium: | Kniha |
| Vydáno: |
San José, Costa Rica
Imprenta LIL
1978
|
| Témata: | |
| Tagy: |
Přidat tag
Žádné tagy, Buďte první, kdo vytvoří štítek k tomuto záznamu!
|
MARC
| LEADER | 00000nam a2200000Ia 4500 | ||
|---|---|---|---|
| 100 | |a Ramírez, María de los Ángeles | ||
| 245 | |a ... quitando la rama y la roca en el camino del hermano... | ||
| 260 | |c 1978 |a San José, Costa Rica |b Imprenta LIL | ||
| 300 | |a [52 páginas] |b ilustracones | ||
| 650 | |a LITERATURA COSTARRICENSE | ||
| 650 | |a POESÍA | ||
| 700 | |a Araya, Cecilia | ||
| 700 | |a Schioberg, Horb | ||
| 942 | |c 15 D | ||
| 999 | |c 11471 |d 11471 | ||
| 040 | |a cru BVZT | ||
